000 00752nam a22002177a 4500
999 _c12381
_d12381
003 AR-CdUCM
008 190408b ||||| |||| 00| 0 spa d
040 _aMUNICIPALIDAD PROVINCIAL DEL CUSCO
_cBIBLIOTECA MUNICIPAL DEL CUSCO
082 _aC / 365.66 /
_bD45
100 _aDegregori de Nieto, Bertha
_929675
245 _aEl problema sexual en las prisiones :
_bDerecho penitenciario /
260 _aCusco :
_bEdiciones Amauta,
_c1967.
300 _a34 páginas ;
_c24 cm.
505 _aContenido: Ciencia penitenciaria -- El problema sexual.
650 _aPrisiones
_98398
650 _aHigiene sexual
_930215
650 _aProblemas
_99246
710 _aUniversidad Nacional del Cuzco
_923977
942 _2ddc
_cLIBROS
945 _aachl
_d2019-04-08